|
|
|
|
| LEADER |
00000nab a2200000 a 4500 |
| 001 |
vtls009279321 |
| 003 |
SK-MaSNL |
| 005 |
20260304152545.0 |
| 008 |
250506c1970 xo ||||||o| ||00 b|slo |
| 015 |
|
|
|a SNBRB2008/03
|2 snkbucl
|
| 035 |
|
|
|a (uuid)b00059a7-115a-4285-8f2e-ef68706e3864
|
| 035 |
|
|
|a urn:nbn:sk:snk-abc3hx
|
| 035 |
|
|
|a (urnnbn)urn:nbn:sk:snk:ar-002s1p
|
| 038 |
|
|
|a SNKBUCL
|
| 040 |
|
|
|a SNKBUCL
|b slo
|c SNKBUCL
|e AACR2
|
| 041 |
0 |
|
|a slo
|
| 044 |
|
|
|a xo
|c SK
|
| 080 |
|
|
|a 811.162.1`373.7
|x (048)
|2 1997
|
| 080 |
|
|
|a 81`373.7:811.162.4
|x (048)
|2 1997
|
| 100 |
1 |
|
|a Smiešková, Elena,
|d 1919-2006
|4 aut
|9 211520
|
| 245 |
1 |
0 |
|a S. Skorupka, Słownik frazeologiczny języka polskiego, I. Varšava 1967, 788 strán; II. 1968, 905 strán
|c E. Smiešková
|
| 650 |
0 |
7 |
|a poľština
|2 snkbucl
|9 1349
|
| 650 |
0 |
7 |
|a frazeológia
|2 snkbucl
|9 1507
|
| 650 |
0 |
7 |
|a frazeologické slovníky
|2 snkbucl
|9 276942
|
| 655 |
|
7 |
|a recenzie
|2 snkbucl
|9 21907
|
| 773 |
0 |
|
|t Slovenská reč
|g Roč. 35, č. 4 (1970), s. 250-254
|
| 787 |
0 |
8 |
|i Rec.:
|a Skorupka, Stanisław
|t Słownik frazeologiczny języka polskiego. I
|d Warszawa, 1967
|
| 787 |
0 |
8 |
|i Rec.:
|a Skorupka, Stanisław
|t Słownik frazeologiczny języka polskiego. II
|d Warszawa, 1968
|
| 850 |
|
|
|a Slovenská národná knižnica
|
| 852 |
|
|
|a Slovenská národná knižnica
|
| 954 |
|
|
|a odborná, vedecká literatúra pôvodná (slovenská)
|2 lita
|
| 958 |
|
|
|a article15
|
| 958 |
|
|
|a OND
|
| 958 |
|
|
|a PL
|
| 958 |
|
|
|a RC
|
| 958 |
|
|
|a EUIPO
|
| 999 |
|
|
|c 2949753
|d 2951683
|